Análisis y diseño de la instalación de un pararrayos en zonas de riesgo de descargas atmosféricas según las normas NFPA70, NFPA780 e IEC62305
محفوظ في:
| المؤلف الرئيسي: | |
|---|---|
| مؤلفون آخرون: | |
| التنسيق: | كتاب |
| اللغة: | Spanish |
| منشور في: |
[San José, Costa Rica]
2012
|
| الموضوعات: | |
| الوسوم: |
إضافة وسم
لا توجد وسوم, كن أول من يضع وسما على هذه التسجيلة!
|
MARC
| LEADER | 00000nam a22000007a 4500 | ||
|---|---|---|---|
| 003 | 011702 | ||
| 005 | 20230829154802.0 | ||
| 008 | 151005b2012 cr a|||| |||| 00| ||spa d | ||
| 040 | |c cru CEDI | ||
| 090 | |a TFG 6872 | ||
| 100 | |9 1289 |a Córdoba Alfaro, Marco, 1987- | ||
| 245 | |a Análisis y diseño de la instalación de un pararrayos en zonas de riesgo de descargas atmosféricas según las normas NFPA70, NFPA780 e IEC62305 | ||
| 260 | |a [San José, Costa Rica] |c 2012 | ||
| 300 | |a xi, 60 hojas, [6] hojas sin numerar : ilustraciones (principalmente a color) | ||
| 500 | |a Proyecto de graduación (bachillerato en ingeniería eléctrica)--Universidad de Costa Rica. Facultad de Ingeniería. Escuela de Ingeniería Eléctrica | ||
| 501 | |a Profesor Guía de IE-0502 Proyecto Eléctrico: Ing. Guillermo Rodríguez Obando | ||
| 650 | |x PARARRAYOS |x DESCARGAS ELECTRICAS |x DISTRIBUCION DE ENERGIA ELECTRICA |x SISTEMAS DE ENERGIA ELECTRICA |9 1306 | ||
| 700 | |9 1290 |a Rodríguez Obando,Guillermo, 1985- |d Director de Proyecto Eléctrico | ||
| 942 | |c CEDI | ||
| 999 | |c 14073 |d 14073 | ||
